000 00344nam a22001337a 4500
999 _c151699
_d151699
005 20190822154340.0
008 180423b xxu||||| |||| 00| 0 eng d
040 _adpl
245 _aGoods and service tax reports
260 _aChennai
_bCompany Law Institute of India
300 _av.
_c24 cm.
310 _aMonthly
942 _2ddc
_cSR
_mGOO
_s1